Mots français les plus courants - Statistiques

Statistiques générales
  • Ce quiz a été pris 321 fois
  • Le résultat moyen est 44 sur 100
Statistiques - réponses
mot % Correct
À
93%
Mon, Ma, Mes
91%
Il, Ils
88%
Le, La, L', Les
88%
Nous
86%
Tu
86%
Je
85%
Vous
85%
Être
84%
Son, Sa, Ses
82%
Ou
81%
81%
De
80%
Elle, Elles
78%
Et
78%
Un, Une, Des
77%
Avoir
73%
Ce
71%
Ce, Cet, Cette, Ces
71%
Me
70%
Se
70%
Te
70%
Pour
69%
Ça
67%
En
65%
Du, Des
64%
Mais
64%
Par
64%
Que
64%
Qui
60%
Au, Aux
58%
58%
On
57%
Bon
56%
Moi
56%
Quoi
56%
Aller
55%
Si
51%
Ne
50%
Non
50%
Pas
50%
Voir
50%
Oui
47%
Sur
47%
Faire
46%
Comme
45%
Jour
45%
Avec
44%
Quand
44%
Dans
41%
Plus
40%
Deux
35%
Dire
35%
Tout
35%
Lui
33%
Pouvoir
33%
Savoir
32%
Y
32%
Trois
30%
Un Peu
30%
Bien
28%
Venir
26%
Vouloir
25%
Parce Que
24%
Prendre
24%
Parler
23%
Petit
23%
Grand
22%
Rien
21%
Toujours
21%
Devoir
20%
Même
20%
An
19%
Croire
19%
Alors
17%
Cent
17%
Heure
17%
Mettre
17%
Après
16%
Beaucoup
16%
Donner
16%
Puis
15%
Le Temps
14%
Très
14%
Encore
13%
Falloir
13%
Aussi
12%
Une Fois
10%
Autre
9%
Une Chose
8%
Passer
7%
Trouver
7%
Maintenant
6%
Comprendre
5%
Arriver
4%
Enfin
4%
Aucun quiz correspondant
Distribution des résultats
% des personnes avec chaque résultat
Percentile par nombre de réponses
Votre historique - résultats
Vous n’avez pas pris ce quiz